The Bill of Rights in modern America /

Bibliographic Details
Other Authors: Ely, James W., Jr., 1938-, Bodenhamer, David J.
Format: eBook
Language:English
Published: Bloomington : Indiana University Press, [2008]
Edition:Rev. and expanded.
Subjects:
Online Access:Connect to the full text of this electronic book

MARC

Tag First Indicator Second Indicator Subfields
LEADER 00000cam a22000004a 4500
001 in00003391663
005 20190405194813.0
006 m d
007 cr |||||||nn|n
008 071017s2008 inu o d eng d
010 |z  2007043211 
020 |a 9780253000279 
020 |a 0253000270 
020 |z 9780253351593 (cloth : alk. paper) 
020 |z 0253351596 (cloth : alk. paper) 
020 |z 9780253219916 (pbk. : alk. paper) 
020 |z 0253219914 (pbk. : alk. paper) 
020 |z 9780253312235 (hbk.) 
020 |z 025331223X (hbk.) 
035 |a (MdBmJHUP)muse9780253000279 
040 |a MdBmJHUP  |c MdBmJHUP  |d UtOrBLW 
043 |a n-us--- 
050 0 0 |a KF4550.A2  |b B49 2008 
082 0 0 |a 342.7308/5  |2 22 
245 0 4 |a The Bill of Rights in modern America /  |c edited by David J. Bodenhamer and James W. Ely, Jr. 
250 |a Rev. and expanded. 
264 1 |a Bloomington :  |b Indiana University Press,  |c [2008] 
264 4 |c ©2008 
300 |a 1 online resource (xii, 322 pages ) 
336 |a text  |b txt  |2 rdacontent 
337 |a computer  |b c  |2 rdamedia 
338 |a online resource  |b cr  |2 rdacarrier 
504 |a Includes bibliographical references (pages [255]-296) and index. 
505 0 |a Rights consciousness in American history / Daniel T. Rodgers -- The explosion and erosion of rights / Gary L. McDowell -- The First Amendment and the freedom to differ / Suzanna Sherry -- Church and state : the religion clauses / Melvin I. Urofsky -- Public safety and the right to bear arms / Robert J. Cottrol and Raymond T. Diamond -- The enigmatic place of property rights in modern constitutional thought / James W. Ely, Jr -- Reversing the revolution : rights of the accused in a conservative age / David J. Bodenhamer -- Police practices and the bill of rights / Laurence A. Benner and Michal R. Belknap -- The "cruel and unusual punishment" clause: a limit on the power to punish or constitutional rhetoric? / Joseph L. Hoffmann -- Equal protection and affirmative action / Herman Belz -- The right to privacy / Ken I. Kersch -- Second wind for the state Bill of Rights / Randall T. Shepard. 
588 |a Description based on print version record. 
500 |a Electronic resource. 
610 1 0 |a United States.  |t Constitution.  |n 1st-10th Amendments. 
650 0 |a Civil rights  |z United States. 
655 7 |a Electronic books.  |2 local 
700 1 |a Ely, James W.,  |c Jr.,  |d 1938- 
700 1 |a Bodenhamer, David J. 
856 4 0 |u http://proxy.library.tamu.edu/login?url=http://muse.jhu.edu/books/9780253000279/  |z Connect to the full text of this electronic book  |t 0 
999 |a MARS 
999 f f |s 1b817612-cbda-30b1-97a3-cb1b8d9be052  |i e575ffd2-8147-339d-8ab6-f0a986197a91  |t 0 
952 f f |a Texas A&M University  |b College Station  |c Electronic Resources  |d Available Online  |t 0  |e KF4550.A2 B49 2008  |h Library of Congress classification 
998 f f |a KF4550.A2 B49 2008  |t 0  |l Available Online